Montpellier players since 2000 - Statistics

General Stats
  • This quiz has been taken 9 times
  • The average score is 125 of 239
Answer Stats
Ranking Player Positions Nationality Matches Goals Assists Periods % Correct
20 Younès Belhanda AM 133 28 18 2009-2013
100%
2 Hilton CB 325 10 7 2011-2021
86%
12 Jordan Ferri CM 173 2 10 2019-2025
86%
232 Killian Sanson CM 1 0 0 2016-2017
86%
151 Lamine Sakho LW 24 3 0 2006-2008
86%
107 Mamadou Sakho CB 45 1 0 2021-2024
86%
39 Morgan Sanson CM 98 13 13 2013-2017
86%
65 Olivier Giroud ST 73 33 17 2010-2012
86%
28 Rémy Cabella AM 108 24 18 2011-2013, 2021-2022
86%
1 Souleymane Camara RW 390 70 30 2007-2020
86%
7 Víctor Montaño ST 195 43 13 2005-2009, 2013-2015
86%
17 Abdelhamid El Kaoutari CB 151 1 3 2007-2015
71%
106 Akor Adams ST 47 11 4 2023-2025
71%
59 Ambroise Oyongo LB 74 4 2 2017-2022
71%
33 Andy Delort ST 104 40 21 2018-2021, 2024-2025
71%
42 Arnaud Souquet RB 93 4 4 2019-2023
71%
14 Benjamin Lecomte GK 154 0 1 2017-2018, 2022-2025
71%
26 Benjamin Stambouli DM 116 3 5 2010-2015
71%
82 Bill Tchato LB 63 0 1 2000-2003
71%
208 Bingourou Kamara GK 5 0 0 2022-2023
71%
5 Bruno Carotti CB 225 18 0 2001-2009
71%
57 Bryan Dabo CM 76 7 4 2009-2010, 2012-2016
71%
81 Casimir Ninga ST 64 13 7 2015-2018
71%
54 Cyril Jeunechamp DM 79 0 4 2009-2013
71%
51 Damien Le Tallec DM 87 5 1 2018-2021
71%
3 Daniel Congré CB 293 10 7 2012-2021
71%
138 Dimitry Bertaud GK 32 0 0 2018-2021, 2023-2025
71%
135 Djamel Bakar ST 33 2 2 2013-2016
71%
22 Ellyes Skhiri DM 123 10 5 2014-2019
71%
52 Elye Wahi ST 85 32 9 2020-2024
71%
87 Emir Spahic CB 57 3 3 2009-2011
71%
80 Enzo Tchato RB 65 1 1 2022-2025
71%
157 Facundo Píriz DM 21 0 0 2017-2019
71%
71 Falaye Sacko RB 70 1 5 2022-2025
71%
21 Florent Mollet AM 126 21 16 2018-2022
71%
24 Fodé Mansaré LW 121 14 3 2001-2005
71%
49 Frédéric Mendy CB 88 3 0 2004-2007
71%
31 Gaëtan Laborde ST 106 36 18 2018-2022
71%
23 Garry Bocaly RB 123 7 5 2008-2014
71%
4 Geoffrey Jourdren GK 274 0 1 2006-2017
71%
203 Georges Ba ST 6 0 0 2004-2005
71%
150 Gerónimo Rulli GK 25 0 0 2019-2020
71%
133 Giovanni Sio ST 34 10 3 2017-2019
71%
152 Hasan Kabze ST 23 0 2 2010-2012
71%
64 Henri Bedimo LB 73 1 5 2011-2013
71%
93 Isaac Mbenza RW 54 11 2 2016-2018
71%
94 Issiaga Sylla LB 53 3 5 2022-2025
71%
10 Jamel Saihi DM 178 1 2 2006-2017
71%
50 Jérôme Roussillon LB 87 7 7 2015-2018
71%
58 John Utaka LW 76 13 8 2010-2013
71%
29 Jonas Martin DM 108 6 10 2010-2011, 2012-2016
71%
60 Jonas Omlin GK 74 0 0 2020-2023
71%
171 Jonathan Ligali GK 14 0 0 2012-2013, 2014-2016
71%
11 Joris Chotard DM 177 2 11 2019-2025
71%
6 Joris Marveaux CM 211 11 7 2008-2017
71%
168 Junior Ndiaye ST 15 0 0 2024-2025
71%
18 Junior Sambia RB 141 4 13 2017-2022
71%
16 Karim Aït-Fana LW 151 18 12 2005-2014
71%
73 Kévin Bérigaud ST 70 7 7 2014-2018
71%
15 Laurent Pionnier GK 152 0 0 2002-2006, 2008-2009, 2010-2017
71%
140 Lucas Barrios ST 31 11 3 2014-2015
71%
179 Mamadou N'Diaye LB 12 0 1 2014-2017
71%
9 Mapou Yanga-Mbiwa CB 192 4 3 2006-2013
71%
48 Marco Estrada DM 89 8 12 2010-2013
71%
182 Mathías Suárez RB 11 0 0 2018-2020
71%
37 Mathieu Deplagne RB 101 0 3 2012-2017
71%
216 Matis Carvalho GK 3 0 0 2019-2020, 2022-2023
71%
86 Maxime Estève CB 59 1 1 2021-2024
71%
45 Mihailo Ristic LB 91 2 7 2018-2022
71%
146 Mustapha Yatabaré ST 28 4 2 2015-2016
71%
8 Nenad Dzodic CB 193 10 2 2000-2003, 2007-2011
71%
38 Nicolas Cozza LB 99 5 5 2017-2023
71%
185 Nicolas Pays AM 9 0 0 2024-2025
71%
19 Paul Lasne CM 136 8 5 2014-2019
71%
32 Pedro Mendes CB 105 5 2 2017-2023
71%
95 Petar Skuletic ST 52 3 2 2018-2021
71%
25 Philippe Delaye CM 119 12 0 2005-2010
71%
129 Rémy Vercoutre GK 35 0 0 2000-2002
71%
43 Romain Pitau DM 93 0 4 2009-2013
71%
85 Ruben Aguilar RB 60 1 6 2017-2019
71%
153 Sacha Delaye AM 23 1 1 2020-2024
71%
202 Stefan Dzodic CM 7 0 0 2024-2025
71%
113 Stéphane Sessègnon AM 43 3 4 2016-2018
71%
46 Stephy Mavididi LW 91 21 5 2020-2023
71%
13 Téji Savanier AM 168 42 30 2019-2025
71%
234 Thibault Tamas LB 1 0 0 2022-2023
71%
77 Tino Costa CM 66 15 17 2008-2010
71%
79 Valère Germain ST 65 6 4 2021-2023
71%
53 Wahbi Khazri LW 82 6 2 2022-2025
71%
115 William Rémy CB 43 0 2 2015-2017
71%
162 Yacouba Sylla DM 19 1 0 2016-2017
71%
36 Anthony Mounier LW 102 14 19 2012-2016
57%
184 Anthony Vanden Borre RB 10 0 0 2016-2017
57%
66 Arnaud Nordin RW 72 19 10 2022-2025
57%
236 Bastian Badu ST 1 0 0 2019-2020
57%
100 Becir Omeragic CB 50 0 0 2023-2025
57%
213 Bilal Boutobba RW 3 0 0 2018-2020
57%
97 Christopher Jullien CB 50 1 2 2022-2024
57%
239 Dylan Gissi CB 1 0 0 2014-2015
57%
108 Emanuel Herrera ST 44 7 1 2012-2014
57%
134 Faitout Maouassa LB 33 5 5 2022-2023
57%
231 Florian Sotoca ST 1 0 0 2015-2016
57%
84 Geoffrey Dernis LW 60 9 2 2009-2012
57%
163 Il-lok Yun LW 17 0 0 2019-2021
57%
119 Johann Carrasso GK 41 0 0 2007-2009
57%
91 Keagan Dolly LW 55 1 2 2016-2021
57%
177 Kelvin Yeboah ST 13 0 0 2023-2024
57%
76 Khalil Fayad CM 67 3 2 2022-2025
57%
103 Kiki Kouyaté CB 49 0 2 2022-2025
57%
67 Léo Leroy CM 72 0 1 2021-2024
57%
154 Lucas Mincarelli LB 23 2 1 2023-2025
57%
176 Lukas Pokorny CB 13 0 0 2016-2017
57%
161 M'Baye Niang ST 19 4 2 2013-2014
57%
116 Mousa Tamari RW 42 7 5 2023-2025
57%
145 Nicholas Gioacchini ST 28 0 3 2021-2022
57%
195 Nicolas Saint-Ruf CB 7 0 1 2016-2017
57%
192 Nikola Maksimović CB 7 0 0 2024-2025
57%
99 Nordi Mukiele RB 50 0 1 2016-2018
57%
169 Othmane Maamma RW 14 2 1 2023-2025
57%
155 Ramy Bensebaini LB 22 2 0 2015-2016
57%
41 Rudy Riou GK 96 0 0 2000-2004
57%
75 Rui Pataca ST 67 14 0 2000-2004
57%
68 Ryad Boudebouz AM 71 13 21 2015-2017
57%
224 Sébastien Wüthrich AM 2 0 0 2014-2016
57%
221 Serigne Faye ST 2 0 0 2022-2023
57%
109 Siaka Tiéné LB 44 5 4 2013-2015
57%
181 Silvan Hefti RB 11 0 1 2023-2024
57%
220 Simon Cara AM 2 0 0 2024-2025
57%
128 Steve Mounié ST 37 14 3 2015-2017
57%
139 Théo Sainte-Luce LB 31 2 1 2022-2025
57%
218 Thibaut Vargas RB 3 0 0 2019-2020
57%
166 Thuler CB 16 0 0 2021-2022
57%
188 Wilfried Ndollo Bille RB 8 0 0 2024-2025
57%
180 Yann Karamoh LW 12 1 0 2023-2024
57%
170 Yassine Jebbour RB 14 0 0 2013-2014
57%
34 Abdoulaye Cissé ST 104 18 0 2001-2007
43%
164 Aliou Cissé DM 17 1 0 2001-2002
43%
186 Assis AM 9 0 0 2001-2002
43%
187 Axel Guéguin RW 9 0 0 2022-2025
43%
141 Béni Makouana LW 31 0 1 2021-2023
43%
101 Bertrand Robert LB 50 3 0 2001-2004
43%
190 Birama Touré DM 8 0 0 2024-2025
43%
27 Jean-Christophe Rouvière DM 113 5 0 2001-2005
43%
158 Jean Deza LW 21 1 1 2013-2016
43%
137 Jonathan Ikoné RW 32 2 2 2016-2018
43%
183 Jonathan Tinhan ST 10 1 1 2011-2014
43%
122 Modibo Sagnan CB 40 4 0 2023-2025
43%
198 Morgan Poaty LB 7 0 0 2016-2019
43%
147 Rabby Nzingoula DM 27 1 0 2024-2025
43%
235 Romain Carbonnier ST 1 0 0 2004-2005
43%
120 Tanguy Coulibaly RW 41 4 1 2023-2025
43%
211 Théo Chennahi AM 4 0 0 2024-2025
43%
92 Xavier Collin LB 55 0 0 2008-2011
43%
174 Yaël Mouanga CB 14 0 0 2024-2025
43%
233 Yanis Ammour LW 1 0 0 2018-2019
43%
219 Yanis Guermouche ST 3 0 0 2021-2022
43%
131 Abdelnasser Ouadah LW 34 1 4 2007-2009
29%
126 Ahmed Madouni CB 37 1 0 2000-2001
29%
223 Alexandre Llovet AM 2 0 1 2016-2017
29%
62 Alexis Ngambi CB 73 3 0 2005-2008
29%
96 Ali Sami Yachir RW 51 0 0 2003-2007
29%
205 Anthony Lippini RB 6 0 0 2007-2009
29%
191 Anthony Ribelin RB 8 0 0 2014-2016
29%
226 Anthony Scribe GK 2 0 0 2006-2008
29%
201 Bamo Meïté CB 7 0 0 2024-2025
29%
214 Bryan Passi CB 3 0 0 2016-2017
29%
44 Cédric Barbosa LM 93 10 0 2000-2003
29%
148 Cédric Cambon CB 26 0 0 2004-2007
29%
215 Cédric Mongongu CB 3 0 0 2016-2017
29%
228 Cédric Prospa FW 1 0 0 2004-2005
29%
217 Clément Vidal CB 3 0 0 2019-2021
29%
130 Cyril Ramond LB 34 0 0 2000-2004
29%
144 Didier Neumann CM 28 1 0 2006-2008
29%
189 Didier Thimothée ST 8 2 0 2000-2001
29%
112 Egutu Oliseh DM 43 2 0 2006-2008
29%
114 Fabien Lefèvre LM 43 3 0 2000-2001, 2003-2004
29%
55 Fatih Atik CM 78 7 0 2003-2007
29%
167 Fodé Koita ST 16 0 1 2008-2012
29%
156 Francis Llacer LB 22 1 0 2000-2002
29%
72 Franck Silvestre CB 70 13 0 2000-2003
29%
238 François Bellugou DM 1 0 0 2006-2007
29%
204 Gabriel Barès DM 6 0 0 2024-2025
29%
143 Gaëtan Charbonnier ST 29 5 1 2012-2013
29%
63 Geoffrey Doumeng CM 73 2 1 2000-2004
29%
212 Gérard Gnanhouan GK 4 0 0 2005-2006
29%
194 Gino Padula LB 7 0 0 2006-2008
29%
196 Grégory Carmona AM 7 0 0 2000-2001
29%
74 Grégory Lacombe RW 68 9 1 2007-2011
29%
35 Guillaume Moullec AM 102 5 0 2001-2005
29%
47 Habib Bamogo CF 91 22 2 2001-2004
29%
102 Hervé Bugnet RW 49 12 0 2004-2006
29%
175 Jean-Matthieu Descamps ST 13 0 1 2002-2004
29%
132 Jean-Philippe Sabo LB 34 1 1 2008-2009
29%
230 Jérémie Porsan-Clémente LW 1 0 0 2017-2018
29%
40 Jérôme Lafourcade ST 96 23 0 2003-2007
29%
83 Jimmy Mainfroi RB 62 1 0 2003-2007
29%
125 Jody Viviani GK 38 0 0 2002-2005
29%
56 Julio Colombo CB 78 1 0 2002-2008
29%
127 Lilian Compan ST 37 8 2 2008-2010
29%
89 Ludovic Clément LB 57 3 0 2005-2008
29%
124 Malek Ait Alia DM 39 1 0 2006-2008
29%
61 Mansour Assoumani CB 74 4 0 2001-2006
29%
165 Marcel Mahouvé DM 16 1 0 2000-2001
29%
159 Marc-Éric Gueï ST 20 3 0 2002-2003
29%
142 Mathieu Lafon CM 29 0 0 2003-2007
29%
105 Mehdi Taouil AM 48 3 0 2005-2007
29%
199 Michel Rodríguez CB 7 1 0 2000-2001
29%
225 Mickaël Llorente DM 2 0 0 2002-2003
29%
237 Mickaël Nelson RB 1 0 0 2007-2008
29%
98 Mohamed Chakouri RB 50 4 0 2004-2007
29%
136 Mourad Benhamida RB 32 1 0 2007-2010
29%
193 Nicolas Esceth-N'Zi RW 7 0 0 2004-2005
29%
70 Nicolas Godemèche DM 70 0 0 2003-2007
29%
178 Nicolas Ouédec ST 12 2 0 2000-2001
29%
209 Nicolas Sahnoun DM 5 0 0 2008-2009
29%
200 Nozomi Hiroyama LW 7 0 0 2003-2004
29%
118 Olivier Sorlin DM 41 5 0 2000-2002
29%
111 Omar Belbey DM 43 1 0 2000-2002
29%
78 Pascal Fugier RB 65 3 0 2000-2003
29%
229 Patrice Loko ST 1 0 0 2000-2001
29%
117 Paulo Sérgio RM 42 5 0 2000-2003
29%
123 Pierre Laigle LM 40 1 0 2002-2004
29%
207 Quentin Cornette RW 5 0 0 2015-2016
29%
197 Ricardo Nascimento AM 7 0 0 2000-2001
29%
121 Robert Malm ST 40 5 0 2006-2008
29%
149 Romain Armand ST 26 3 1 2006-2008, 2010-2011
29%
210 Samy Benchamma DM 5 0 0 2020-2021
29%
30 Sébastien Michalowski LB 107 0 0 2002-2006
29%
110 Serge Blanc LB 44 0 0 2001-2004
29%
69 Stéphane Darbion LM 70 4 0 2003-2007
29%
172 Teddy Mezague CB 14 0 1 2012-2014
29%
104 Thierry Gathuessi RB 49 0 0 2001-2005
29%
160 Thomas Deruda CM 20 0 1 2008-2009
29%
222 Thomas Nogales MF 2 0 0 2004-2005
29%
90 Toifilou Maoulida ST 56 18 0 2000-2002
29%
88 Valéry Mézague AM 57 10 0 2001-2006
29%
173 Víctor Bonilla ST 14 0 2 2002-2003
29%
227 Vincent Beduer DF 1 0 0 2004-2005
29%
206 Yanis Issoufou ST 5 0 0 2023-2025
29%
No matching quizzes found
Score Distribution
Percent of People with Each Score
Percentile by Number Answered
Your Score History
You have not taken this quiz